000 00654nam a22002177a 4500
003 OSt
005 20240625010639.0
008 240624b |||||||| |||| 00| 0 eng d
020 _a9789712348617
040 _aDWC- Main Lib
_cOC
082 _aFil. 658.401 Or64f 2007
100 _aOrcullo, N. A. , Jr.
245 _aFundamentals of strategic management /
_c N. A. , Jr. Orcullo.
250 _a1st ed.
260 _a
_bRex Book Store, Inc.
_cc2007.
300 _axix, 302 p. :
_bill. ;
_c22 cm.
504 _aIncludes bibliographical references and index.
650 _a1. Strategic planning.
650 _a2. Planning.
942 _2ddc
_cBK - FIL
_n1
999 _c1261
_d1261